| 000 | 00621nam a2200241 a 4500 | ||
|---|---|---|---|
| 001 | nice12345678 | ||
| 003 | IN_TiNIC | ||
| 005 | 20260116011503.0 | ||
| 008 | 050524s1962 laha grp 000 0 eng | ||
| 020 |
_a _c0 |
||
| 082 | 0 | 0 |
_a923 _bIRV |
| 100 | _aIrving, T B | ||
| 245 |
_aFalcon of Spain _b Study of Eighth Century Spain, With Special Emphasis Upon |
||
| 260 |
_aLahore _bSh. Muhammad Ashraf _c1962 |
||
| 300 | _a203p | ||
| 500 | _aincludes index and biblioraphy | ||
| 505 | 2 | _abibliography | |
| 650 | _aIslam-History-Spain | ||
| 700 | 1 | _aIrving, T B | |
| 902 | _bSRS | ||
| 942 | _cBK | ||
| 999 |
_c1966 _d1966 |
||